Fr. Conceicao Rodrigues College of Engineering

Basic Principles & Practice Of Microprocessors (Record no. 29757)

MARC details
000 -LEADER
fixed length control field 00418nam a2200157Ia 4500
082 ## - DEWEY DECIMAL CLASSIFICATION NUMBER
Classification number 621.3
Item number Hef/Kin
100 ## - MAIN ENTRY--PERSONAL NAME
Personal name Heffer/D.E/ kING/ G.A
245 ## - TITLE STATEMENT
Title Basic Principles & Practice Of Microprocessors
260 ## - PUBLICATION, DISTRIBUTION, ETC.
Name of publisher, distributor, etc. Edward Arnold .
Place of publication, distribution, etc. London
Date of publication, distribution, etc. 1982
300 ## - PHYSICAL DESCRIPTION
Extent 200
546 ## - LANGUAGE NOTE
Language note ENGLISH
650 ## - SUBJECT ADDED ENTRY--TOPICAL TERM
Topical term or geographic name entry element Electrical Engineering
654 ## - SUBJECT ADDED ENTRY--FACETED TOPICAL TERMS
Focus term Basic Principles & Practice Of Microprocessors
942 ## - ADDED ENTRY ELEMENTS (KOHA)
Koha item type BOOK
Holdings
Withdrawn status Lost status Damaged status Not for loan Collection Home library Current library Shelving location Date acquired Total Checkouts Full call number Barcode Date last seen Price effective from Koha item type
        AFT Fr. Agnel's C.Rodrigues College of Engineering Fr. Agnel's C.Rodrigues College of Engineering   17/03/2023   621.3 Hef/Kin AFT3972 17/03/2023 17/03/2023 BOOK